<?xml version="1.0" encoding="UTF-8"?>
<record
    xmlns:xsi="http://www.w3.org/2001/XMLSchema-instance"
    xsi:schemaLocation="http://www.loc.gov/MARC21/slim http://www.loc.gov/standards/marcxml/schema/MARC21slim.xsd"
    xmlns="http://www.loc.gov/MARC21/slim">

  <leader>01318    a2200205   4500</leader>
  <controlfield tag="001">61332</controlfield>
  <controlfield tag="005">20260407155903.0</controlfield>
  <controlfield tag="008">260407a1981    arg                 spa d</controlfield>
  <controlfield tag="003">AR-UNSa-BCEJYS</controlfield>
  <datafield tag="040" ind1=" " ind2=" ">
    <subfield code="a">AR-UNSa-BCEJYS</subfield>
    <subfield code="b">spa</subfield>
    <subfield code="c">AR-UNSa-BCEJYS</subfield>
  </datafield>
  <datafield tag="080" ind1=" " ind2=" ">
    <subfield code="a">343.35</subfield>
    <subfield code="x">Delitos contra la administraci&#xF3;n p&#xFA;blica. Abuso de la funci&#xF3;n p&#xFA;blica (Corrupci&#xF3;n)</subfield>
  </datafield>
  <datafield tag="245" ind1="1" ind2="0">
    <subfield code="a">Delitos contra la administraci&#xF3;n p&#xFA;blica</subfield>
    <subfield code="p">Comentario de los art&#xED;culos 237 a 281 del C&#xF3;digo Penal</subfield>
  </datafield>
  <datafield tag="264" ind1=" " ind2="1">
    <subfield code="a">Buenos Aires :</subfield>
    <subfield code="b">Astrea</subfield>
    <subfield code="c">1981</subfield>
  </datafield>
  <datafield tag="300" ind1=" " ind2=" ">
    <subfield code="a">xxxix, 607 p.</subfield>
    <subfield code="c">23 cm.</subfield>
  </datafield>
  <datafield tag="505" ind1=" " ind2=" ">
    <subfield code="a">1. Atentado y resistencia contra la autoridad - 2. Desacato &#x2013; 3. Usurpaci&#xF3;n de autoridad, t&#xED;tulos u honores &#x2013; 4. Abuso de autoridad y violaci&#xF3;n de los deberes de funcionarios p&#xFA;blicos &#x2013; 5. Violaci&#xF3;n de sellos y documentos &#x2013; 6. Cohecho &#x2013; 7. Malversaci&#xF3;n de caudales p&#xFA;blicos &#x2013; 8. Negociaciones incompatibles con el ejercicio de funciones p&#xFA;blicas &#x2013; 9. Exacciones ilegales &#x2013; 9 BIS. Enriquecimiento il&#xED;cito de funcionarios p&#xFA;blicos &#x2013; 10. Prevaricato &#x2013; 11. Denegaci&#xF3;n y retardo de justicia &#x2013; 12. Denuncias y testimonios falsos &#x2013; 13. Encubrimiento &#x2013; 14. Evasi&#xF3;n, quebrantamiento de pena y derecho de opci&#xF3;n</subfield>
  </datafield>
  <datafield tag="041" ind1=" " ind2=" ">
    <subfield code="a">spa</subfield>
  </datafield>
  <datafield tag="942" ind1=" " ind2=" ">
    <subfield code="c">BK</subfield>
  </datafield>
  <datafield tag="590" ind1=" " ind2=" ">
    <subfield code="a">niveau_biblio:m niveau_hierar:0</subfield>
  </datafield>
  <datafield tag="100" ind1="1" ind2=" ">
    <subfield code="a">Creus, Carlos</subfield>
  </datafield>
  <datafield tag="999" ind1=" " ind2=" ">
    <subfield code="c">7272</subfield>
    <subfield code="d">7272</subfield>
  </datafield>
  <datafield tag="952" ind1=" " ind2=" ">
    <subfield code="0">0</subfield>
    <subfield code="1">0</subfield>
    <subfield code="4">0</subfield>
    <subfield code="7">0</subfield>
    <subfield code="a">BCEJYS</subfield>
    <subfield code="b">BCEJYS</subfield>
    <subfield code="c">16</subfield>
    <subfield code="d">2026-04-07</subfield>
    <subfield code="l">0</subfield>
    <subfield code="o">343.35 C925</subfield>
    <subfield code="p">L86447</subfield>
    <subfield code="r">2026-04-07 15:59:03</subfield>
    <subfield code="w">2026-04-07</subfield>
    <subfield code="y">L</subfield>
  </datafield>
</record>
